Регионална библиотека "Любен Каравелов" - Русе

Открийте България (Запис номер 327209)

MARC детайли
000 -Лидер
Контролно поле с фиксирана дължина 01506nam a2200421 c 4500
003 - Код на организацията, давaща контролен номер
Контролно поле BLK
005 - Дата и час на последна редакция
Контролно поле 20240507121941.0
008 - Елементи от данни с фиксирана дължина
fixed length control field 180410b bul|||||r ||||||| ||bul||
010 ## - Наследен системен номер
LC control number KNG00173267000
020 ## - Международен стандартен номер на книга ISBN
Международен стандартен номер на книга ISBN 9789545003097
040 ## - Източник на каталожния запис
Идентификатор на билиотеката - собственик на записа BLK
041 ## - Код за език
Код за езика на текст/звукозапис или на отделно заглавие Български
Код за езика КДБФ Български
072 #7 - Код за тематичната категория
Код организация bullib
Код за тематична категория Н92
Текст История Н
080 ## - УДК
Текстов определител УДК Краезнание
УДК код - определител по УДК 908
УДК определител (497.2)
УДК - код + определител 908(497.2)
100 1# - Редна дума - Автор
Автор Канджева, Вяра Николова
Авторска отговорност първи автор
R(LIN) 75944
139 ## - Редно поле
Редна дума Канджева, Вяра Николова
Авторски знак Канг - К 25
245 10 - Сведения за заглавието
Заглавие Открийте България
Редно поле (дума) Вяра Николова Канджева; съавт. Антоний Георгиев Ханджийски.
Подзаглавни данни С 507 цв. фотографии
257 ## - Страна на издаване
Страна на създаване/издаване България
260 ## - Област на издателските данни
Име на издателя, разпространителя и проч. Борина
Година на издаване 2017
Печатница Чехия
Място на издаване, разпространение и проч. София
300 ## - Физическа характеристика
Страници 128 с.
Илюстрации и др. с цв. ил., к., портр.
Размери/Мащаб 27 см
380 ## - Жанр
Жанр История
500 ## - Общи забележки
Забележка Биогр. данни за авт. отбелязани на 3-та кор. на кн.
651 #4 - Допълнително описание по предмет - топоним
Географско понятие България
9 (RLIN) 241624
659 ## - Тематичен бюлетин
Тематичен бюлетин Н
700 1# - Други автори (авторска отговорност)
Лично име Ханджийски, Антоний Георгиев
Автороска отговорност (Описва отношението между автора и произведението) съавт.
9 (RLIN) 371081
852 ## - Местоположение
Фондова буква Заемна - подръчен фонд
Систематично-азбучна сигнатура П 908/К 25
856 4# - Електронен адрес и достъп
Електронен формат pdf - файл
856 4# - Електронен адрес и достъп
Електронен формат pdf - файл
999 ## - СИСТЕМНИ КОНТРОЛНИ НОМЕРА
Koha biblionumber 327209
Koha biblioitemnumber 327209
942 ## - АРТИКУЛИ
Вид на библиотечния материал Книги
Скрит в OPAC Не
Koha issues (borrowed), all copies 9
944 ## - СЪЗДАВАНЕ И РЕДАКЦИЯ на ЗАПИСА
Създаване/Редакция Създаване
Дата на регистрацията/редакция 18.03.2015
Служител, извършил регистрацията/редакцията 30564
Статус, дата на статуса Галина Якимова
944 ## - СЪЗДАВАНЕ И РЕДАКЦИЯ на ЗАПИСА
Създаване/Редакция Редакция
Дата на регистрацията/редакция 21.07.2015
Служител, извършил регистрацията/редакцията Грета_Цуфелде
999 ## - СИСТЕМНИ КОНТРОЛНИ НОМЕРА
Koha biblioitemnumber 327209
999 ## - СИСТЕМНИ КОНТРОЛНИ НОМЕРА
Koha biblioitemnumber 327209
999 ## - СИСТЕМНИ КОНТРОЛНИ НОМЕРА
Koha biblioitemnumber 327209
999 ## - СИСТЕМНИ КОНТРОЛНИ НОМЕРА
Koha biblioitemnumber 327209
999 ## - СИСТЕМНИ КОНТРОЛНИ НОМЕРА
Koha biblioitemnumber 327209
999 ## - СИСТЕМНИ КОНТРОЛНИ НОМЕРА
Koha biblioitemnumber 165644
Наличности
Код за отписване Код за изгубен артикул Източник на класификационната схема Код за повреда Код за отдаване Артикулен № Име на библиотеката - собственик Име на библиотеката, в която се намира в момента Статус (Текущо местоположение) Дата на вписване в системата Местоположение - отдел Цена в лева Инвентарен номер Систематично азбучна сигнатура Баркод Цена в евро Служебен тип на артикула Коз за рестрикции
  Не е изгубен Universal Decimal Classification Не е повреден заемане за дома 686958 Регионална библиотека "Любен Каравелов" Русе Регионална библиотека "Любен Каравелов" Русе Заемна - подръчен фонд 2018-12-14 Заемна - подръчен фонд 32.00 120000826473 П 908(497.2)К25 120000826473 16.36 Книги  
  Не е изгубен Universal Decimal Classification Не е повреден заемане за дома 686959 Регионална библиотека "Любен Каравелов" Русе Регионална библиотека "Любен Каравелов" Русе Заемна - подръчен фонд 2018-12-14 Заемна - подръчен фонд 32.00 120000826472 П 908(497.2)К 25 120000826472 16.36 Книги без рестрикции
  Не е изгубен Universal Decimal Classification Не е повреден заемане за дома 686960 Регионална библиотека "Любен Каравелов" Русе Регионална библиотека "Любен Каравелов" Русе Заемна - подръчен фонд 2018-12-14 Заемна - подръчен фонд 32.00 120000826720 П 908(497.2)К 25 120000826720 16.36 Книги без рестрикции
  Не е изгубен Universal Decimal Classification Не е повреден ползва се в читалня 688447 Регионална библиотека "Любен Каравелов" Русе Регионална библиотека "Любен Каравелов" Русе Хранилище 2019-01-24 Хранилище 32.00   Цб 292972 120000829053 16.36 Книги без рестрикции
Vip Innovations Ltd, Rousse, Bulgaria 2025